000 00410cam a22001694a 4500
005 20250605163537.0
008 250528s ||||||||||||||||||||||||d
035 _a21445
040 _aGR-AtMCL
_bgre
_dGR-AtMCL
_eAACR2
245 1 _aWRITING FOR CAMBRIDGE FIRST CERTIFICATE 1 ANSWER BOOKLET
250 _a1
260 _bGrivas,
_c1996
300 _a29
942 _cBK
999 _c6507
_d6507